000 00705nam a2200181 i 4500
001 149694
003 ES-MaACL
005 20251226170212.0
007 t|
008 071024s1905 xxk ||||1| eng d
100 1 _aHolland, Henry Richard Vassall,
_cBaron,
_d1773-1840
_964017
245 1 0 _aFurther Memoirs of the Whig Party, 1807-1821
_b: with some miscelianeous reminiscences ... /
_cby Henry Richard Vassall, third Lord Holland; ed. by Lord Stavordale.
260 _aLondon :
_bJ. Murray,
_c1905.
300 _aXIV, 420 p., 7 lám. ;
_c23 cm.
700 0 _aIlchester, Giles Stephen Holland Fox-Strangways,
_c6th earl of
_965171
852 _aES-MaACL
_jA-3533
999 _c149694
_d149694